000 00347pam a2200157a 44500
008 230515b2002 xxu||||| |||| 00| 0 eng d
020 _aNULL
041 _aENGLISH
082 _a0
100 _aRAMAMRUTHAM
245 _aSTRENGTH OF MATERIALS
250 _a0
260 _a
_bDHANPAT RAI PUBLICATION
_c2002
300 _a964P
650 _aNULL
999 _c593690
_d593690